[Event "CP-2014-P-00008"]
[Site "LSS email"]
[Date "2014.09.30"]
[Round "?"]
[White "Enin, Anatolij"]
[Black "Roegiers, Ludo"]
[Result "1-0"]
[WhiteElo "2346"]
[BlackElo "1462"]
[PlyCount "22"]
[EventDate "2014.10.01"]
[EventType "tourn (corr)"]
[EventRounds "6"]
[EventCountry "GER"]
[SourceTitle "Corr 2022"]
[Source "ChessBase"]
[SourceDate "2021.10.24"]
[SourceVersion "1"]
[SourceVersionDate "2021.10.24"]
[SourceQuality "1"]

1. e4 e6 2. d4 d5 3. Nc3 Bb4 4. e5 c5 5. a3 Bxc3+ 6. bxc3 Qa5 7. Bd2 Qa4 8. Qg4 g6 9. Nf3 Nc6 10. Be2 b6 11. 0-0 Qxc2 1-0

[Event "CP-2014-P-00008"]
[Site "LSS email"]
[Date "2014.09.30"]
[Round "?"]
[White "Roegiers, Ludo"]
[Black "Feng, Jason"]
[Result "0-1"]
[WhiteElo "1462"]
[BlackElo "1022"]
[PlyCount "29"]
[EventDate "2014.10.01"]
[EventType "tourn (corr)"]
[EventRounds "6"]
[EventCountry "GER"]
[SourceTitle "Corr 2022"]
[Source "ChessBase"]
[SourceDate "2021.10.24"]
[SourceVersion "1"]
[SourceVersionDate "2021.10.24"]
[SourceQuality "1"]

1. d4 d5 2. Nf3 Nc6 3. c4 Bg4 4. Nc3 Bxf3 5. exf3 dxc4 6. d5 Ne5 7. Bf4 Ng6 8. Bxc4 a6 9. Qa4+ Qd7 10. Nb5 Nxf4 11. Nxc7+ Kd8 12. Qxd7+ Kxd7 13. Nxa8 Nxg2+ 14. Kf1 Nh4 15. Rc1 0-1

[Event "BI-2014-P-0034"]
[Site "LSS email"]
[Date "2014.04.19"]
[Round "?"]
[White "Roberts, Anthony"]
[Black "Roegiers, Ludo"]
[Result "1-0"]
[WhiteElo "2162"]
[BlackElo "1413"]
[PlyCount "35"]
[EventDate "2014.04.25"]
[EventType "tourn (corr)"]
[EventRounds "10"]
[EventCountry "GER"]
[SourceTitle "Corr 2015"]
[Source "ChessBase"]
[SourceDate "2015.07.17"]
[SourceVersion "1"]
[SourceVersionDate "2015.07.17"]
[SourceQuality "1"]

1. e4 e6 2. d4 d5 3. Nc3 Bb4 4. e5 c5 5. a3 Bxc3+ 6. bxc3 Ne7 7. Nf3 h6 8. a4 0-0 9. Be2 b6 10. 0-0 Ba6 11. Bb5 c4 12. Bxa6 Nxa6 13. Ba3 Re8 14. Nh4 Nc6 15. Qg4 Qg5 16. Qh3 Qd2 17. f4 Qxc2 18. f5 1-0

[Event "BI-2014-P-0034"]
[Site "LSS email"]
[Date "2014.04.19"]
[Round "?"]
[White "Roegiers, Ludo"]
[Black "Bauer, Rudolf"]
[Result "0-1"]
[WhiteElo "1413"]
[BlackElo "1725"]
[PlyCount "42"]
[EventDate "2014.04.25"]
[EventType "tourn (corr)"]
[EventRounds "10"]
[EventCountry "GER"]
[SourceTitle "Corr 2015"]
[Source "ChessBase"]
[SourceDate "2015.07.17"]
[SourceVersion "1"]
[SourceVersionDate "2015.07.17"]
[SourceQuality "1"]

1. d4 d5 2. Nf3 Nf6 3. c4 dxc4 4. e3 Bg4 5. Bxc4 e6 6. 0-0 Nbd7 7. Nc3 c6 8. b3 h5 9. h3 Qc7 10. Be2 Bxf3 11. Bxf3 g5 12. Be2 0-0-0 13. Bb2 g4 14. h4 g3 15. Qe1 gxf2+ 16. Qxf2 Rg8 17. Rac1 a6 18. Rfd1 Bh6 19. Bf3 Ng4 20. Bxg4 Rxg4 21. Ne2 Rdg8 0-1

[Event "BI-2014-P-0034"]
[Site "LSS email"]
[Date "2014.04.19"]
[Round "?"]
[White "Roegiers, Ludo"]
[Black "Eshuis, Johannes"]
[Result "0-1"]
[WhiteElo "1413"]
[BlackElo "2055"]
[PlyCount "78"]
[EventDate "2014.04.25"]
[EventType "tourn (corr)"]
[EventRounds "10"]
[EventCountry "GER"]
[SourceTitle "Corr 2015"]
[Source "ChessBase"]
[SourceDate "2015.07.17"]
[SourceVersion "1"]
[SourceVersionDate "2015.07.17"]
[SourceQuality "1"]

1. d4 d5 2. Nf3 Nf6 3. c4 c6 4. e3 e6 5. Nc3 Nbd7 6. Qc2 Bd6 7. b3 0-0 8. Be2 b6 9. 0-0 Bb7 10. Bb2 Qe7 11. e4 Nxe4 12. Nxe4 dxe4 13. Qxe4 Rad8 14. Rfd1 f5 15. Qh4 Qxh4 16. Nxh4 c5 17. Nf3 Bxf3 18. Bxf3 cxd4 19. Rxd4 Ne5 20. Be2 Nc6 21. Rd3 Nb4 22. Rdd1 Bc5 23. a3 Nc2 24. Rxd8 Rxd8 25. Rd1 Rxd1+ 26. Bxd1 Nxa3 27. Bxa3 Bxa3 28. f4 Bd6 29. g3 Kf7 30. Kg2 Kf6 31. Kf3 h6 32. h4 e5 33. fxe5+ Kxe5 34. Ke3 Bc5+ 35. Kf3 Kd4 36. Ke2 Kc3 37. Ke1 a5 38. Ke2 g6 39. Ke1 h5 0-1

[Event "BI-2014-P-0034"]
[Site "LSS email"]
[Date "2014.04.19"]
[Round "?"]
[White "Roegiers, Ludo"]
[Black "Pilipchuk, Andrey Vadimovich"]
[Result "0-1"]
[WhiteElo "1413"]
[BlackElo "2119"]
[PlyCount "30"]
[EventDate "2014.04.25"]
[EventType "tourn (corr)"]
[EventRounds "10"]
[EventCountry "GER"]
[SourceTitle "Corr 2015"]
[Source "ChessBase"]
[SourceDate "2015.07.17"]
[SourceVersion "1"]
[SourceVersionDate "2015.07.17"]
[SourceQuality "1"]

1. d4 Nf6 2. Nf3 d5 3. c4 c6 4. Nc3 dxc4 5. a4 Bf5 6. e3 e6 7. Bxc4 Bb4 8. 0-0 0-0 9. Nh4 Nbd7 10. Nxf5 exf5 11. Qb3 a5 12. Na2 Bd6 13. Bd3 g6 14. Bd2 Qc7 15. Nc3 Bxh2+ 0-1

[Event "RD-2013-0-00100"]
[Site "LSS email"]
[Date "2014.03.18"]
[Round "?"]
[White "Lund, Steven"]
[Black "Roegiers, Ludo"]
[Result "0-1"]
[WhiteElo "1191"]
[BlackElo "1499"]
[PlyCount "46"]
[EventDate "2013.12.28"]
[EventType "tourn (corr)"]
[EventRounds "6"]
[EventCountry "GER"]
[SourceTitle "Telechess CBM 167"]
[Source "ChessBase"]
[SourceDate "2015.07.13"]
[SourceVersion "1"]
[SourceVersionDate "2015.07.13"]
[SourceQuality "1"]

1. e4 e6 2. d3 d5 3. Qe2 dxe4 4. dxe4 e5 5. Nc3 Nc6 6. Nf3 Nf6 7. a3 h6 8. h3 Be6 9. Be3 a6 10. Rd1 Bd6 11. Qd2 Qe7 12. Bd3 0-0 13. 0-0 Bc5 14. Bxc5 Qxc5 15. b4 Qe7 16. Qe3 Rad8 17. Ne2 b5 18. Ng3 Rd7 19. Be2 Rxd1 20. Rxd1 Rd8 21. Rf1 Nd4 22. Nxe5 Bxh3 23. Nxf7 Qxf7 0-1

[Event "RD-2013-0-00100"]
[Site "LSS email"]
[Date "2014.03.18"]
[Round "?"]
[White "Roegiers, Ludo"]
[Black "Stadler, Pavel"]
[Result "1-0"]
[WhiteElo "1499"]
[BlackElo "1287"]
[PlyCount "85"]
[EventDate "2013.12.28"]
[EventType "tourn (corr)"]
[EventRounds "6"]
[EventCountry "GER"]
[SourceTitle "Telechess CBM 167"]
[Source "ChessBase"]
[SourceDate "2015.07.13"]
[SourceVersion "1"]
[SourceVersionDate "2015.07.13"]
[SourceQuality "1"]

1. d4 d5 2. Nf3 Nf6 3. e3 Bg4 4. h3 Bxf3 5. Qxf3 e6 6. Bd3 Bd6 7. 0-0 0-0 8. Nd2 c5 9. dxc5 Bxc5 10. Nb3 Bb6 11. Bd2 Nc6 12. Bc3 e5 13. Qd1 Qd7 14. a4 a6 15. a5 Ba7 16. Ra4 Rad8 17. Qa1 Rfe8 18. Rd1 Qc7 19. Re1 Bb8 20. g3 Qc8 21. Kg2 Bd6 22. Nd2 Qe6 23. Qa2 h5 24. Nb3 d4 25. Bc4 Qf5 26. Bxf7+ Kh8 27. Bxe8 Rxe8 28. exd4 e4 29. Nd2 Nd5 30. Qc4 e3 31. Qe2 Re7 32. Qf3 exf2 33. Rxe7 Ncxe7 34. Qxf5 Nxf5 35. Kxf2 Bxg3+ 36. Kf3 h4 37. Ne4 Bh2 38. Nc5 b5 39. axb6 Nxb6 40. Rxa6 Nc4 41. b3 Nce3 42. Ne6 Nxc2 43. Ra2 1-0

[Event "LSS No Engine Cup 91 Final"]
[Site "LSS email"]
[Date "2014.03.17"]
[Round "?"]
[White "Roegiers, Ludo"]
[Black "Tsirakovsky, Sergey"]
[Result "1-0"]
[WhiteElo "1782"]
[BlackElo "1981"]
[PlyCount "37"]
[EventDate "2014.03.18"]
[EventType "tourn (corr)"]
[EventRounds "6"]
[EventCountry "GER"]
[SourceTitle "Corr 2022"]
[Source "ChessBase"]
[SourceDate "2021.10.24"]
[SourceVersion "1"]
[SourceVersionDate "2021.10.24"]
[SourceQuality "1"]

1. d4 d5 2. Nf3 c6 3. c4 e6 4. Nc3 dxc4 5. a4 Bb4 6. e3 b5 7. Bd2 a5 8. axb5 Bxc3 9. Bxc3 cxb5 10. b3 Nf6 11. bxc4 Bb7 12. cxb5 0-0 13. Bd3 Nbd7 14. 0-0 Nd5 15. Bd2 N7f6 16. Ne5 Qb6 17. Qb3 Qd8 18. Rfc1 Re8 19. h3 1-0

[Event "CP-2013-P-00034"]
[Site "LSS email"]
[Date "2013.09.30"]
[Round "?"]
[White "Kobryn, Krystian"]
[Black "Roegiers, Ludo"]
[Result "1/2-1/2"]
[WhiteElo "1842"]
[BlackElo "1428"]
[PlyCount "119"]
[EventDate "2013.10.01"]
[EventType "tourn (corr)"]
[EventRounds "6"]
[EventCountry "GER"]
[SourceTitle "Corr 2022"]
[Source "ChessBase"]
[SourceDate "2021.10.24"]
[SourceVersion "1"]
[SourceVersionDate "2021.10.24"]
[SourceQuality "1"]

1. e4 e6 2. d4 d5 3. Nc3 dxe4 4. Nxe4 Nd7 5. Bd3 Ngf6 6. Nf3 Nxe4 7. Bxe4 Nf6 8. Bd3 c5 9. Be3 Qc7 10. Qe2 Be7 11. dxc5 Bxc5 12. Bxc5 Qxc5 13. 0-0 0-0 14. Rad1 b6 15. Ne5 Bb7 16. c4 Rfd8 17. a3 a5 18. Qe3 Qxe3 19. fxe3 Kf8 20. g4 h6 21. h4 Rdc8 22. Be2 Rc7 23. g5 hxg5 24. hxg5 Rc5 25. Nxf7 Kxf7 26. Rd7+ Ke8 27. Rxg7 Nd7 28. Rd1 Bc6 29. Rdxd7 Rxg5+ 30. Rxg5 Kxd7 31. Kf2 Kd6 32. Rh5 Rg8 33. Bf1 Rf8+ 34. Ke1 a4 35. Rh2 Rb8 36. Rh4 Rg8 37. Rh2 Rb8 38. Kd2 b5 39. Kc3 bxc4 40. Bxc4 Bb5 41. Bxb5 Rxb5 42. Rh4 Rb3+ 43. Kc2 Rxe3 44. Rxa4 e5 45. Ra8 Rh3 46. b4 Kd5 47. Rd8+ Kc4 48. Rc8+ Kd4 49. a4 Rh2+ 50. Kb3 Rh3+ 51. Kb2 e4 52. b5 e3 53. b6 e2 54. b7 e1Q 55. b8Q Qe5 56. Rd8+ Ke4+ 57. Qxe5+ Kxe5 58. a5 Rh6 59. Kb3 Rd6 60. Rxd6 1/2-1/2

[Event "CP-2013-P-00034"]
[Site "LSS email"]
[Date "2013.09.30"]
[Round "?"]
[White "Krol, Wladyslaw"]
[Black "Roegiers, Ludo"]
[Result "1/2-1/2"]
[WhiteElo "2102"]
[BlackElo "1428"]
[PlyCount "67"]
[EventDate "2013.10.01"]
[EventType "tourn (corr)"]
[EventRounds "6"]
[EventCountry "GER"]
[SourceTitle "Corr 2022"]
[Source "ChessBase"]
[SourceDate "2021.10.24"]
[SourceVersion "1"]
[SourceVersionDate "2021.10.24"]
[SourceQuality "1"]

1. e4 e6 2. f4 d5 3. Nf3 dxe4 4. Ng5 f5 5. Bc4 Qf6 6. d3 h6 7. Nh3 Qg6 8. 0-0 Bc5+ 9. Kh1 Nf6 10. Nc3 exd3 11. Qxd3 Nc6 12. Nb5 Qf7 13. Be3 Bxe3 14. Qxe3 a6 15. Nd4 Nxd4 16. Qxd4 b5 17. Bb3 0-0 18. Qe5 Ng4 19. Qc5 Bb7 20. Nf2 Nxf2+ 21. Rxf2 Rfd8 22. h3 Bd5 23. Bxd5 Rxd5 24. Qc6 Ra7 25. a4 Rd6 26. Qf3 c6 27. Re2 Rad7 28. Kh2 Qf6 29. Rae1 Qxb2 30. Rxe6 bxa4 31. Qh5 Rxe6 32. Rxe6 Rf7 33. Rxc6 Qb8 34. Qf3 1/2-1/2

[Event "LSS No Engine Cup 91 Preliminary 3"]
[Site "LSS email"]
[Date "2013.07.13"]
[Round "?"]
[White "Lombardi, Donato"]
[Black "Roegiers, Ludo"]
[Result "0-1"]
[WhiteElo "866"]
[BlackElo "1476"]
[PlyCount "108"]
[EventDate "2013.07.14"]
[EventType "tourn (corr)"]
[EventRounds "6"]
[EventCountry "GER"]
[SourceTitle "Telechess CBM 167"]
[Source "ChessBase"]
[SourceDate "2015.07.13"]
[SourceVersion "1"]
[SourceVersionDate "2015.07.13"]
[SourceQuality "1"]

1. e4 e6 2. d4 d5 3. exd5 exd5 4. Nf3 Bd6 5. Bd3 Ne7 6. 0-0 0-0 7. Bg5 f6 8. Bh4 Nbc6 9. c3 Bf5 10. Qc2 Bxd3 11. Qxd3 Ng6 12. Nbd2 Nf4 13. Qc2 Qd7 14. Bg3 Ne2+ 15. Kh1 Nxg3+ 16. fxg3 Rfe8 17. Nh4 Re2 18. Rad1 Rae8 19. Qf5 Qxf5 20. Nxf5 Bf8 21. Nf3 g6 22. N5h4 Rxb2 23. Rd2 Re2 24. Rfd1 Rxa2 25. Rxe2 Rxe2 26. Rd2 Rxd2 27. Nxd2 a5 28. Nhf3 a4 29. Nb1 a3 30. Nxa3 Bxa3 31. Kg1 Bb2 32. Kf2 Bxc3 33. Ke3 Bxd4+ 34. Nxd4 Nxd4 35. Kxd4 c6 36. Kc5 Kf7 37. Kd4 Ke6 38. h4 f5 39. Ke3 Ke5 40. Kd3 c5 41. Ke3 h5 42. Kd3 b5 43. Ke3 c4 44. Kf3 d4 45. Ke2 Ke4 46. Kd2 b4 47. Kc2 Ke3 48. Kd1 d3 49. Kc1 Ke2 50. Kb2 d2 51. Ka2 d1Q 52. Kb2 Kd2 53. Ka2 Kc2 54. g4 Qb1# 0-1

[Event "LSS No Engine Cup 91 Preliminary 3"]
[Site "LSS email"]
[Date "2013.07.13"]
[Round "?"]
[White "Roegiers, Ludo"]
[Black "Balazs, Gabor"]
[Result "1-0"]
[WhiteElo "1476"]
[BlackElo "579"]
[PlyCount "45"]
[EventDate "2013.07.14"]
[EventType "tourn (corr)"]
[EventRounds "6"]
[EventCountry "GER"]
[SourceTitle "Telechess CBM 167"]
[Source "ChessBase"]
[SourceDate "2015.07.13"]
[SourceVersion "1"]
[SourceVersionDate "2015.07.13"]
[SourceQuality "1"]

1. d4 d5 2. Nf3 Nf6 3. c4 g6 4. Nc3 dxc4 5. e4 Bg4 6. e5 Bxf3 7. Qxf3 c6 8. exf6 exf6 9. Be3 Bb4 10. Bxc4 0-0 11. 0-0 Bxc3 12. bxc3 Qa5 13. Bh6 Qf5 14. Qxf5 gxf5 15. Bxf8 Kxf8 16. Bd3 f4 17. Bxh7 Nd7 18. Rfe1 Re8 19. Rxe8+ Kxe8 20. Bf5 Nb6 21. Rb1 Ke7 22. Rxb6 axb6 23. Bc8 1-0

[Event "OP-2013-0-02595"]
[Site "LSS email"]
[Date "2013.01.18"]
[Round "?"]
[White "Roegiers, Ludo"]
[Black "Kuzmin, Konstantin"]
[Result "0-1"]
[WhiteElo "1453"]
[BlackElo "2037"]
[PlyCount "76"]
[EventDate "2013.01.15"]
[EventType "tourn (corr)"]
[EventRounds "4"]
[EventCountry "GER"]
[SourceTitle "Telechess CBM 161"]
[Source "ChessBase"]
[SourceDate "2014.07.16"]
[SourceVersion "1"]
[SourceVersionDate "2014.07.16"]
[SourceQuality "1"]

1. d4 Nf6 2. Bg5 Ne4 3. Bf4 c5 4. f3 Qa5+ 5. c3 Nf6 6. Nd2 cxd4 7. Nb3 Qd8 8. cxd4 e6 9. e4 d5 10. Bxb8 Rxb8 11. e5 Ng8 12. f4 Qb6 13. Nf3 Bd7 14. Bd3 Bb4+ 15. Kf2 Ba4 16. Qe2 Bxb3 17. axb3 Ne7 18. Bb5+ Kf8 19. Rhc1 Nf5 20. Rd1 a6 21. Ra4 Be7 22. Bd3 Qxb3 23. Raa1 Nh6 24. Rdc1 g6 25. Rc7 Bd8 26. Rc3 Qb6 27. h3 Ng8 28. b4 Be7 29. b5 Bb4 30. Rcc1 a5 31. g4 Ne7 32. Kg2 h5 33. Kg3 Kg7 34. Qb2 Rbc8 35. Rxc8 Rxc8 36. Rc1 Rxc1 37. Qxc1 a4 38. Qc2 a3 0-1

[Event "LSS No Engine Cup 78 Preliminary 6"]
[Site "LSS email"]
[Date "2012.12.05"]
[Round "?"]
[White "Roegiers, Ludo"]
[Black "Ogaki, Hideki"]
[Result "1-0"]
[WhiteElo "1442"]
[BlackElo "873"]
[PlyCount "45"]
[EventDate "2012.12.06"]
[EventType "tourn (corr)"]
[EventRounds "6"]
[EventCountry "GER"]
[SourceTitle "Telechess CBM 159"]
[Source "ChessBase"]
[SourceDate "2014.03.17"]
[SourceVersion "1"]
[SourceVersionDate "2014.03.17"]
[SourceQuality "1"]

1. d4 d5 2. Nf3 Nf6 3. c4 c6 4. Nc3 e6 5. Bg5 Nbd7 6. e3 Be7 7. Rc1 0-0 8. Bd3 dxc4 9. Bxc4 Nd5 10. Bxe7 Qxe7 11. 0-0 b5 12. Nxd5 exd5 13. Bd3 a5 14. Rxc6 b4 15. Qc2 Bb7 16. Rc7 Ba6 17. Bxh7+ Kh8 18. Bd3 Bxd3 19. Qxd3 Rfc8 20. Rfc1 Rxc7 21. Rxc7 Qd6 22. Ng5 Qxc7 23. Qh7# 1-0

[Event "SE-2012-0-00122"]
[Site "LSS email"]
[Date "2012.11.04"]
[Round "?"]
[White "Stadler, Pavel"]
[Black "Roegiers, Ludo"]
[Result "1/2-1/2"]
[WhiteElo "1478"]
[BlackElo "1416"]
[PlyCount "59"]
[EventDate "2012.09.18"]
[EventType "tourn (corr)"]
[EventRounds "6"]
[EventCountry "GER"]
[SourceTitle "Telechess CBM 159"]
[Source "ChessBase"]
[SourceDate "2014.03.17"]
[SourceVersion "1"]
[SourceVersionDate "2014.03.17"]
[SourceQuality "1"]

1. e4 e6 2. d4 d5 3. Nd2 dxe4 4. Nxe4 Nd7 5. Nf3 Ngf6 6. Bd3 Nxe4 7. Bxe4 Nf6 8. Bd3 c5 9. 0-0 cxd4 10. Nxd4 Bc5 11. Nb3 Bd6 12. Qf3 Qc7 13. h3 0-0 14. Bg5 Bh2+ 15. Kh1 Be5 16. c3 h6 17. Be3 b6 18. Bd4 Bxd4 19. Nxd4 Bb7 20. Qe2 e5 21. Nf5 Rfd8 22. Rad1 e4 23. Bc2 Qe5 24. Ne3 Qe7 25. Bb3 g6 26. Rxd8+ Rxd8 27. Rd1 Rxd1+ 28. Qxd1 Qd7 29. Qxd7 Nxd7 30. Nd5 1/2-1/2

[Event "SE-2012-0-00122"]
[Site "LSS email"]
[Date "2012.11.03"]
[Round "?"]
[White "Albesa, Nahuel"]
[Black "Roegiers, Ludo"]
[Result "0-1"]
[WhiteElo "1284"]
[BlackElo "1416"]
[PlyCount "37"]
[EventDate "2012.09.18"]
[EventType "tourn (corr)"]
[EventRounds "6"]
[EventCountry "GER"]
[SourceTitle "Corr 2015"]
[Source "ChessBase"]
[SourceDate "2015.07.17"]
[SourceVersion "1"]
[SourceVersionDate "2015.07.17"]
[SourceQuality "1"]

1. e4 e6 2. d4 d5 3. e5 c5 4. c3 Nc6 5. Nf3 Qb6 6. a3 Bd7 7. b4 cxd4 8. cxd4 Rc8 9. Bb2 Na5 10. Nbd2 Nc4 11. Bxc4 dxc4 12. Rc1 Qa6 13. 0-0 Ba4 14. Qe2 Bb5 15. Rfe1 Ne7 16. Ne4 Ng6 17. d5 Nf4 18. Qd2 Nxd5 19. Nd4 0-1

[Event "SE-2012-0-00122"]
[Site "LSS email"]
[Date "2012.11.03"]
[Round "?"]
[White "Roegiers, Ludo"]
[Black "Loktayev, Vladislav"]
[Result "1/2-1/2"]
[WhiteElo "1416"]
[BlackElo "1479"]
[PlyCount "32"]
[EventDate "2012.09.18"]
[EventType "tourn (corr)"]
[EventRounds "6"]
[EventCountry "GER"]
[SourceTitle "Corr 2015"]
[Source "ChessBase"]
[SourceDate "2015.07.17"]
[SourceVersion "1"]
[SourceVersionDate "2015.07.17"]
[SourceQuality "1"]

1. d4 Nf6 2. Bg5 Ne4 3. Bf4 d5 4. Nd2 Bf5 5. Nxe4 Bxe4 6. e3 Nc6 7. f3 Bg6 8. c3 e6 9. h4 h5 10. Bd3 Bxd3 11. Qxd3 Be7 12. Bg3 Bd6 13. Bxd6 Qxd6 14. Ne2 0-0-0 15. 0-0-0 e5 16. Qf5+ Kb8 1/2-1/2

[Event "SE-2012-0-00122"]
[Site "LSS email"]
[Date "2012.11.03"]
[Round "?"]
[White "Roegiers, Ludo"]
[Black "Van de Peut, Aart A"]
[Result "1/2-1/2"]
[WhiteElo "1416"]
[BlackElo "1394"]
[PlyCount "77"]
[EventDate "2012.09.18"]
[EventType "tourn (corr)"]
[EventRounds "6"]
[EventCountry "GER"]
[SourceTitle "Telechess CBM 159"]
[Source "ChessBase"]
[SourceDate "2014.03.17"]
[SourceVersion "1"]
[SourceVersionDate "2014.03.17"]
[SourceQuality "1"]

1. d4 Nf6 2. Bg5 d5 3. e3 c5 4. Bxf6 exf6 5. Nc3 Nc6 6. dxc5 Be6 7. Bb5 Bxc5 8. Nf3 0-0 9. 0-0 Qd6 10. Na4 a6 11. Nxc5 Qxc5 12. Bxc6 bxc6 13. Qd2 Rab8 14. Rfb1 Qb6 15. h3 Rfd8 16. b4 c5 17. bxc5 Qxc5 18. Nd4 Rb6 19. Rb3 Rdb8 20. Rab1 g6 21. Rxb6 Rxb6 22. Rb3 Bd7 23. c3 Ba4 24. Rb4 Bd7 25. Qb2 Rxb4 26. cxb4 Qc4 27. a3 Kg7 28. Qc2 Qxc2 29. Nxc2 Kf8 30. h4 h6 31. Nd4 Ke7 32. f3 g5 33. g3 Kd6 34. Kf2 Ke5 35. h5 g4 36. f4+ Ke4 37. Ke2 Ba4 38. Kd2 Bd7 39. Ke2 1/2-1/2

[Event "LSS No Engine Cup 61 Final"]
[Site "LSS email"]
[Date "2012.10.07"]
[Round "?"]
[White "Selmeczi, Jozsef"]
[Black "Roegiers, Ludo"]
[Result "1-0"]
[WhiteElo "1774"]
[BlackElo "1442"]
[PlyCount "51"]
[EventDate "2012.10.08"]
[EventType "tourn (corr)"]
[EventRounds "6"]
[EventCountry "GER"]
[SourceTitle "Telechess CBM 159"]
[Source "ChessBase"]
[SourceDate "2014.03.17"]
[SourceVersion "1"]
[SourceVersionDate "2014.03.17"]
[SourceQuality "1"]

1. d4 e6 2. c4 d5 3. Nf3 c6 4. g3 f5 5. Nc3 Nf6 6. Bg2 Bd6 7. Qd3 Ne4 8. a4 Na6 9. 0-0 Nb4 10. Qd1 a5 11. Nxe4 fxe4 12. Bg5 Qc7 13. c5 Be7 14. Bxe7 Qxe7 15. Ne5 0-0 16. f3 exf3 17. exf3 Bd7 18. Ra3 Rf5 19. Re3 Raf8 20. f4 Bc8 21. Bf3 R5f6 22. Kg2 Rh6 23. Ng4 Rg6 24. h3 Rf5 25. Ne5 Rgf6 26. Bg4 1-0

[Event "SE-2012-0-00115"]
[Site "LSS email"]
[Date "2012.08.11"]
[Round "?"]
[White "Roegiers, Ludo"]
[Black "Grimm, Wolfgang"]
[Result "0-1"]
[WhiteElo "1394"]
[BlackElo "1205"]
[PlyCount "32"]
[EventDate "2012.07.02"]
[EventType "tourn (corr)"]
[EventRounds "6"]
[EventCountry "GER"]
[SourceTitle "Corr 2015"]
[Source "ChessBase"]
[SourceDate "2015.07.17"]
[SourceVersion "1"]
[SourceVersionDate "2015.07.17"]
[SourceQuality "1"]

1. d4 d5 2. Nf3 e6 3. e3 Nf6 4. Bd3 Bd6 5. Nbd2 0-0 6. 0-0 Nc6 7. a3 e5 8. dxe5 Nxe5 9. Nxe5 Bxe5 10. Nf3 Bd6 11. b3 Qe7 12. Bb2 Ne4 13. c4 dxc4 14. Bxc4 Rd8 15. Qc2 Bf5 16. Rad1 Bxa3 0-1

[Event "LSS No Engine Cup 64 Preliminary 6"]
[Site "LSS email"]
[Date "2012.04.21"]
[Round "?"]
[White "Jenneborg, Seved"]
[Black "Roegiers, Ludo"]
[Result "1-0"]
[WhiteElo "1686"]
[BlackElo "1361"]
[PlyCount "55"]
[EventDate "2012.04.22"]
[EventType "tourn (corr)"]
[EventRounds "6"]
[EventCountry "GER"]
[SourceTitle "Telechess CBM 153"]
[Source "ChessBase"]
[SourceDate "2013.03.14"]
[SourceVersion "1"]
[SourceVersionDate "2013.03.14"]
[SourceQuality "1"]

1. d4 e6 2. c4 d5 3. Nc3 c6 4. Nf3 Nf6 5. e3 Nbd7 6. Bd3 dxc4 7. Bxc4 b5 8. Bd3 Bb7 9. 0-0 a6 10. e4 c5 11. d5 Qc7 12. dxe6 fxe6 13. Ng5 Qc6 14. Bf4 c4 15. Bc2 Bb4 16. a3 Bxc3 17. bxc3 0-0 18. Re1 h6 19. Nf3 Nc5 20. Ne5 Qe8 21. Be3 Nfxe4 22. Bd4 Rd8 23. Qb1 Nd3 24. Bxd3 cxd3 25. Qxd3 Nxf2 26. Qc2 Nh3+ 27. gxh3 Rxd4 28. cxd4 1-0

[Event "LSS No Engine Cup 64 Preliminary 6"]
[Site "LSS email"]
[Date "2012.04.21"]
[Round "?"]
[White "O'Brien, Glenn"]
[Black "Roegiers, Ludo"]
[Result "1/2-1/2"]
[WhiteElo "1329"]
[BlackElo "1361"]
[PlyCount "48"]
[EventDate "2012.04.22"]
[EventType "tourn (corr)"]
[EventRounds "6"]
[EventCountry "GER"]
[SourceTitle "Telechess CBM 153"]
[Source "ChessBase"]
[SourceDate "2013.03.14"]
[SourceVersion "1"]
[SourceVersionDate "2013.03.14"]
[SourceQuality "1"]

1. e4 e6 2. d4 d5 3. Nc3 Bb4 4. e5 c5 5. a3 Bxc3+ 6. bxc3 Qa5 7. Bd2 Qa4 8. Qg4 g6 9. Qd1 Nc6 10. Nf3 c4 11. h4 h6 12. g3 Nge7 13. Bh3 Bd7 14. 0-0 0-0-0 15. Qc1 h5 16. Ng5 Rdf8 17. Qb2 b6 18. f4 Nf5 19. Bxf5 gxf5 20. Rfe1 Rhg8 21. Be3 Kb8 22. Bf2 Rg7 23. Rab1 Kb7 24. Kh2 Be8 1/2-1/2

[Event "BI-2012-P-00007"]
[Site "LSS email"]
[Date "2012.04.20"]
[Round "?"]
[White "Roegiers, Ludo"]
[Black "De Waele, Willy"]
[Result "0-1"]
[WhiteElo "1416"]
[BlackElo "1990"]
[PlyCount "64"]
[EventDate "2012.04.22"]
[EventType "tourn (corr)"]
[EventRounds "10"]
[EventCountry "GER"]
[SourceTitle "Telechess CBM 159"]
[Source "ChessBase"]
[SourceDate "2014.03.17"]
[SourceVersion "1"]
[SourceVersionDate "2014.03.17"]
[SourceQuality "1"]

1. d4 d5 2. Nf3 Nf6 3. e3 Bg4 4. c4 c6 5. Nc3 e6 6. h3 Bh5 7. g4 Bg6 8. Ne5 Nbd7 9. Nxg6 hxg6 10. cxd5 Nxd5 11. Nxd5 exd5 12. Qb3 Qc7 13. Bd2 0-0-0 14. 0-0-0 Nf6 15. Bg2 Kb8 16. Qc2 Bd6 17. Kb1 Qe7 18. f3 Bc7 19. Rc1 g5 20. Qf5 Ne8 21. Qd3 Nd6 22. Bb4 Qe6 23. e4 Nc8 24. e5 f6 25. Qg6 Rdg8 26. Bd2 Ne7 27. Qc2 Bb6 28. Bc3 fxe5 29. dxe5 Be3 30. Rcd1 Bf4 31. Qe2 Ng6 32. Bd4 Re8 0-1

[Event "BI-2012-P-00007"]
[Site "LSS email"]
[Date "2012.04.20"]
[Round "?"]
[White "Roegiers, Ludo"]
[Black "Schindler, Sven"]
[Result "0-1"]
[WhiteElo "1416"]
[BlackElo "2319"]
[PlyCount "62"]
[EventDate "2012.04.22"]
[EventType "tourn (corr)"]
[EventRounds "10"]
[EventCountry "GER"]
[SourceTitle "Telechess CBM 159"]
[Source "ChessBase"]
[SourceDate "2014.03.17"]
[SourceVersion "1"]
[SourceVersionDate "2014.03.17"]
[SourceQuality "1"]

1. d4 e6 2. e4 d5 3. e5 c5 4. c3 Qb6 5. Nf3 Nc6 6. a3 c4 7. Nbd2 Na5 8. Be2 Bd7 9. 0-0 Ne7 10. Re1 Qc7 11. Rb1 Nc8 12. Nf1 Nb6 13. Bf4 Nb3 14. N3d2 Na5 15. Ng3 f5 16. Qc1 Ba4 17. Bd1 Qf7 18. Bxa4+ Nxa4 19. Qd1 b5 20. Qh5 Be7 21. Qxf7+ Kxf7 22. Nf3 h6 23. h4 g6 24. Red1 Nb3 25. Ne2 a5 26. Nc1 Bxa3 27. Nxb3 cxb3 28. bxa3 Nxc3 29. Bd2 Nxd1 30. Rxd1 Rac8 31. Bxa5 b2 0-1